[Event "Kings Gambit for Masternorm (1800+)"]
[Site "SchemingMind.com"]
[Date "2018.11.02"]
[Round "-"]
[White "flyinduck"]
[Black "willyboy"]
[Result "1-0"]
[WhiteCountry "CAN"]
[BlackCountry "AUT"]
[WhiteElo "1997"]
[WhiteRD "58"]
[BlackElo "2190"]
[BlackRD "69"]
[GameID "434213"]

1. e4 e5 2. f4 exf4 3. Nf3 g5 4. Nc3 d6 5. g3 g4 6. Nh4 f3 7. d4 Nf6 8. Be3 d5 9. e5 Ne4 10. Nxe4 dxe4
11. Qd2 c5 12. d5 Bg7 13. Bf4 O-O 14. O-O-O Nd7 15. e6 fxe6 16. dxe6 Qf6 17. Qc3 Qxe6 18. Bc4 Bxc3 19. Bxe6+ Kh8 20. bxc3 Nf6
21. Bxc8 Raxc8 22. Rhe1 Kg8 23. Nf5 Rcd8 24. Rxd8 Rxd8 25. Bg5 e3 26. Nxe3 Re8 27. Bxf6 f2 28. Rf1 Rxe3 29. Rxf2 Re1+ 30. Kb2 Re6
31. c4
1-0

[Event "Kings Gambit for Masternorm (1800+)"]
[Site "SchemingMind.com"]
[Date "2018.11.03"]
[Round "-"]
[White "willyboy"]
[Black "flyinduck"]
[Result "1-0"]
[WhiteCountry "AUT"]
[BlackCountry "CAN"]
[WhiteElo "2189"]
[WhiteRD "67"]
[BlackElo "1985"]
[BlackRD "56"]
[GameID "434214"]

1. e4 e5 2. f4 Nc6 3. Nf3 f5 4. d3 d6 5. Nc3 Nf6 6. Be2 fxe4 7. dxe4 Bg4 8. f5 g6 9. h3 Bxf3 10. Bxf3 Nd4
11. Be3 c5 12. O-O Be7 13. Bh6 Rg8 14. Bg5 gxf5 15. Bxf6 Bxf6 16. exf5 Rg7 17. Bd5 Kd7 18. Ne4 Kc7 19. c3 Nc6 20. Qa4 a6
21. Rad1 b5 22. Qa3
1-0

[Event "Kings Gambit for Masternorm (1800+)"]
[Site "SchemingMind.com"]
[Date "2019.03.05"]
[Round "-"]
[White "flyinduck"]
[Black "Robert Hatfield"]
[Result "1-0"]
[WhiteCountry "CAN"]
[BlackCountry "USA"]
[WhiteElo "2049"]
[WhiteRD "60"]
[BlackElo "1916"]
[BlackRD "73"]
[GameID "438827"]

1. e4 e5 2. f4 exf4 3. Nf3 d6 4. Nc3 Be7 5. Bc4 Bh4+ 6. Kf1 Be6 7. Bxe6 fxe6 8. d4 Bg5 9. g3 Nc6 10. gxf4 Be7
11. Rg1 g6 12. d5 exd5 13. exd5 Na5 14. b4 Bf6 15. bxa5 Bxc3 16. Rb1 Ne7 17. Ng5 O-O 18. Ne6 Qc8 19. Bb2 Bxb2 20. Rxb2 c6
21. c4 cxd5 22. cxd5 Qc4+ 23. Qe2 Rxf4+ 24. Nxf4 Qxf4+ 25. Kg2 Qg5+ 26. Kh1 Qxd5+ 27. Qg2 Qxg2+ 28. Rgxg2 Rb8 29. Rgc2 Rc8 30. Rxc8+ Nxc8
31. Rxb7
1-0

[Event "Kings Gambit for Masternorm (1800+)"]
[Site "SchemingMind.com"]
[Date "2019.03.05"]
[Round "-"]
[White "Robert Hatfield"]
[Black "flyinduck"]
[Result "1-0"]
[WhiteCountry "USA"]
[BlackCountry "CAN"]
[WhiteElo "1916"]
[WhiteRD "73"]
[BlackElo "2049"]
[BlackRD "60"]
[GameID "438828"]

1. e4 e5 2. f4 exf4 3. Nf3 g5 4. Nc3 Bg7 5. g3 g4 6. Nh4 f3 7. Bc4 d5 8. Nxd5 c6 9. Ne3 Nh6 10. c3 Bf6
11. Nhf5 Nxf5 12. exf5 h5 13. h3 Qc7 14. Rg1 Rg8 15. hxg4 hxg4 16. d4 Nd7 17. Nxg4 Rxg4 18. Qxf3 Rg7 19. Bf4 Qb6 20. O-O-O c5
21. dxc5 Qxc5 22. Rge1+ Kf8 23. Bd6+
1-0

[Event "Kings Gambit for Masternorm (1800+)"]
[Site "SchemingMind.com"]
[Date "2019.05.19"]
[Round "-"]
[White "Diadoco"]
[Black "flyinduck"]
[Result "1/2-1/2"]
[WhiteCountry "MEX"]
[BlackCountry "CAN"]
[WhiteElo "2000"]
[WhiteRD "89"]
[BlackElo "2075"]
[BlackRD "61"]
[GameID "441301"]

1. e4 e5 2. f4 exf4 3. Nf3 g5 4. h4 g4 5. Ne5 Nf6 6. Bc4 d5 7. exd5 Bd6 8. d4 Qe7 9. O-O Nh5 10. Nxg4 Qxh4
11. Qe1+ Qxe1 12. Rxe1+ Kf8 13. Ne5 f6 14. Nd3 Bf5 15. Nc3 f3 16. Bh6+ Kf7 17. gxf3 Rg8+ 18. Kf1 Nd7 19. Ne4 Ng3+ 20. Nxg3 Rxg3
21. Kf2 Rag8 22. Rg1 Rxg1 23. Rxg1 Rxg1 24. Kxg1 Nb6 25. Bb3 Bxd3 26. cxd3 Kg6 27. Be3 Kf5 28. Kg2 Bf4 29. Bf2 Bc1 30. Bg3 Bf4
31. Bf2 a5 32. Bc4 Bd6=
1/2-1/2

[Event "Kings Gambit for Masternorm (1800+)"]
[Site "SchemingMind.com"]
[Date "2019.05.19"]
[Round "-"]
[White "flyinduck"]
[Black "Diadoco"]
[Result "1-0"]
[WhiteCountry "CAN"]
[BlackCountry "MEX"]
[WhiteElo "2067"]
[WhiteRD "64"]
[BlackElo "2021"]
[BlackRD "98"]
[GameID "441302"]

1. e4 e5 2. f4 exf4 3. Nf3 d6 4. d4 g5 5. g3 g4 6. Nh4 f3 7. Be3 Be7 8. Qd2 Bxh4 9. gxh4 Qxh4+ 10. Bf2 Qe7
11. Nc3 Bd7 12. O-O-O Nc6 13. Nd5 Qd8 14. Bd3 Nf6 15. Bh4
1-0

[Event "Kings Gambit for Masternorm (1800+)"]
[Site "SchemingMind.com"]
[Date "2019.05.16"]
[Round "-"]
[White "Diadoco"]
[Black "Robert Hatfield"]
[Result "1-0"]
[WhiteCountry "MEX"]
[BlackCountry "USA"]
[WhiteElo "2004"]
[WhiteRD "103"]
[BlackElo "1916"]
[BlackRD "73"]
[GameID "441303"]

1. e4 e5 2. f4 exf4 3. Nf3 Be7 4. Bc4 Nf6 5. e5 Ne4 6. d3 Bh4+ 7. Kf1 Nf2 8. Qe1 Nxh1 9. Qxh4 Qxh4 10. Nxh4 O-O
11. Bxf4 Nc6 12. Nc3 Re8 13. Nf3 h6 14. Nd5 Rb8 15. Nxc7 Rf8 16. Kg1 g5 17. Bd2 Ng3 18. hxg3 Na5 19. Bxa5
1-0

[Event "Kings Gambit for Masternorm (1800+)"]
[Site "SchemingMind.com"]
[Date "2019.05.16"]
[Round "-"]
[White "Robert Hatfield"]
[Black "Diadoco"]
[Result "0-1"]
[WhiteCountry "USA"]
[BlackCountry "MEX"]
[WhiteElo "1915"]
[WhiteRD "74"]
[BlackElo "2021"]
[BlackRD "98"]
[GameID "441304"]

1. e4 e5 2. f4 exf4 3. Nf3 d6 4. Nc3 g5 5. d4 Bg7 6. g3 g4 7. Nh4 f3 8. Be3 Nf6 9. Qd2 d5 10. exd5 Nxd5
11. Nxd5 Qxd5 12. Kf2 Nc6 13. c3 Bd7 14. Bd3 O-O-O 15. b4 Bf6 16. Rhg1 Qh5 17. Bf4 Bxh4 18. gxh4 Qxh4+ 19. Bg3 Qh5 20. Qf4 Kb8
21. Qxc7+ Ka8 22. b5 Nb8 23. a4 Rc8 24. Qa5 Qg5 25. c4 Nc6 26. Qc3 Ne7 27. Be4 Nf5 28. c5 Nxg3 29. hxg3 Bf5 30. Bxf5 Qxf5
31. c6 bxc6 32. bxc6 Qe6
0-1

[Event "Kings Gambit for Masternorm (1800+)"]
[Site "SchemingMind.com"]
[Date "2019.06.20"]
[Round "-"]
[White "Diadoco"]
[Black "Mihir Chandrashekhar"]
[Result "1-0"]
[WhiteCountry "MEX"]
[BlackCountry "IND"]
[WhiteElo "2000"]
[WhiteRD "89"]
[BlackElo "1934"]
[BlackRD "50"]
[GameID "442609"]

1. e4 e5 2. f4 exf4 3. Nf3 d6 4. d4 g5 5. g3 g4 6. Nh4 f3 7. Nc3 Be7 8. Nf5 Bxf5 9. exf5 h5 10. Bd3 Bf6
11. Be3 Ne7 12. Qd2 a6 13. O-O-O Nbc6 14. d5 Ne5 15. Bd4 Qd7 16. Ne4 Nxd5 17. c4
1-0

[Event "Kings Gambit for Masternorm (1800+)"]
[Site "SchemingMind.com"]
[Date "2019.06.20"]
[Round "-"]
[White "Mihir Chandrashekhar"]
[Black "Diadoco"]
[Result "0-1"]
[WhiteCountry "IND"]
[BlackCountry "MEX"]
[WhiteElo "1934"]
[WhiteRD "50"]
[BlackElo "2000"]
[BlackRD "89"]
[GameID "442610"]

1. e4 e5 2. f4 exf4 3. Nf3 d6 4. d4 g5 5. h4 g4 6. Ng1 Bh6 7. Nc3 c6 8. Nge2 Qf6 9. g3 f3 10. Nf4 Qe7
11. Kf2 Nd7 12. Bc4 Nb6 13. Bb3 Bd7 14. a4 O-O-O 15. a5 Na8 16. a6 b6 17. Re1 Nc7 18. d5 c5 19. e5 Bf5 20. exd6 Qxd6
21. Ne4 Bxe4
0-1

[Event "Kings Gambit for Masternorm (1800+)"]
[Site "SchemingMind.com"]
[Date "2019.06.24"]
[Round "-"]
[White "flyinduck"]
[Black "Mihir Chandrashekhar"]
[Result "1/2-1/2"]
[WhiteCountry "CAN"]
[BlackCountry "IND"]
[WhiteElo "2047"]
[WhiteRD "63"]
[BlackElo "1959"]
[BlackRD "52"]
[GameID "442611"]

1. e4 e5 2. f4 exf4 3. Nf3 d6 4. d4 g5 5. g3 g4 6. Nh4 f3 7. Be3 Be7 8. Qd2 Bxh4 9. gxh4 Qxh4+ 10. Bf2 g3
11. Bxg3 Qxe4+ 12. Kf2 Nf6 13. Bb5+ c6 14. Re1 O-O 15. Nc3 Ng4+ 16. Kg1 f2+ 17. Bxf2 Qf3 18. Bd3 Nxf2 19. Qxf2 Qxf2+=
1/2-1/2

[Event "Kings Gambit for Masternorm (1800+)"]
[Site "SchemingMind.com"]
[Date "2019.06.24"]
[Round "-"]
[White "Mihir Chandrashekhar"]
[Black "flyinduck"]
[Result "1-0"]
[WhiteCountry "IND"]
[BlackCountry "CAN"]
[WhiteElo "1959"]
[WhiteRD "52"]
[BlackElo "2047"]
[BlackRD "63"]
[GameID "442612"]

1. e4 e5 2. f4 exf4 3. Nf3 g5 4. h4 g4 5. Ne5 h5 6. Bc4 Nh6 7. d4 d6 8. Nd3 Be7 9. Bxf4 c6 10. Qd2 Ng8
11. g3 d5 12. exd5 cxd5 13. Bb3 Nc6 14. Nc3 Be6 15. Ne5 Nf6 16. Ba4 Qb6 17. O-O-O O-O-O 18. Bxc6 bxc6 19. Bg5 Rhf8 20. Rhf1 Ng8
21. Bxe7 Nxe7 22. Na4 Qc7 23. Nc5 Nf5 24. Qd3 Ne7 25. Qa6+ Kb8 26. Rd3 Ka8 27. Rf6 Rd6 28. Rb3 Rb8 29. Rxb8+ Kxb8 30. Nxf7
1-0

[Event "Kings Gambit for Masternorm (1800+)"]
[Site "SchemingMind.com"]
[Date "2019.06.21"]
[Round "-"]
[White "Robert Hatfield"]
[Black "Mihir Chandrashekhar"]
[Result "0-1"]
[WhiteCountry "USA"]
[BlackCountry "IND"]
[WhiteElo "1885"]
[WhiteRD "67"]
[BlackElo "1934"]
[BlackRD "50"]
[GameID "442613"]

1. e4 e5 2. f4 d5 3. exd5 e4 4. d3 Nf6 5. dxe4 Nxe4 6. Be3 Qh4+ 7. g3 Nxg3 8. Nf3 Qh5 9. hxg3 Qxh1 10. Qe2 Bd6
11. Nc3 Bg4
0-1

[Event "Kings Gambit for Masternorm (1800+)"]
[Site "SchemingMind.com"]
[Date "2019.06.22"]
[Round "-"]
[White "Mihir Chandrashekhar"]
[Black "Robert Hatfield"]
[Result "1-0"]
[WhiteCountry "IND"]
[BlackCountry "USA"]
[WhiteElo "1934"]
[WhiteRD "50"]
[BlackElo "1885"]
[BlackRD "67"]
[GameID "442614"]

1. e4 e5 2. f4 exf4 3. Nf3 d6 4. d4 g5 5. h4 g4 6. Ng1 Qf6 7. Nc3 Ne7 8. Nge2 Bh6 9. Qd2 Nbc6 10. Nb5 O-O
11. Nxc7 Rb8 12. Nxf4 Bxf4 13. Qxf4 Qxf4 14. Bxf4 Rd8 15. c3 a6 16. Nd5 Nxd5 17. exd5 Ne7 18. Bg5 Re8 19. Bxe7 Rxe7+ 20. Kd2 Bf5
21. Bc4 b5 22. Bb3 Rbe8 23. Rae1 Rxe1 24. Rxe1 Re4 25. g3 Kg7 26. Rxe4 Bxe4 27. Ke3 f5 28. c4 Kf6 29. Kf4 Bd3 30. c5
1-0

[Event "Kings Gambit for Masternorm (1800+)"]
[Site "SchemingMind.com"]
[Date "2019.07.01"]
[Round "-"]
[White "Diadoco"]
[Black "Matthew Bailey"]
[Result "0-1"]
[WhiteCountry "MEX"]
[BlackCountry "ENG"]
[WhiteElo "2000"]
[WhiteRD "89"]
[BlackElo "2188"]
[BlackRD "75"]
[GameID "443057"]

1. e4 e5 2. f4 exf4 3. Nf3 g5 4. h4 g4 5. Ne5 Nf6 6. Bc4 d5 7. exd5 Bd6 8. d4 Nh5 9. Nc3 O-O 10. Ne2 f6
11. Nd3 Qe8 12. O-O b5 13. Bb3 f3 14. Nef4 Kh8 15. Qe1 Qf7 16. g3 Re8 17. Qf2 Bxf4 18. Nxf4 Nxf4 19. gxf4 Re2 20. Qg3 Rg2+
21. Qxg2 fxg2 22. Kxg2 Bb7 23. Be3 Bxd5+ 24. Bxd5 Qxd5+ 25. Kg3 Nc6 26. c3 Ne7
0-1

[Event "Kings Gambit for Masternorm (1800+)"]
[Site "SchemingMind.com"]
[Date "2019.07.01"]
[Round "-"]
[White "Matthew Bailey"]
[Black "Diadoco"]
[Result "1-0"]
[WhiteCountry "ENG"]
[BlackCountry "MEX"]
[WhiteElo "2188"]
[WhiteRD "75"]
[BlackElo "2000"]
[BlackRD "89"]
[GameID "443058"]

1. e4 e5 2. f4 exf4 3. Nf3 d6 4. d4 g5 5. g3 g4 6. Nh4 f3 7. Nc3 Nc6 8. Be3 Nf6 9. Bd3 Be7 10. a3 d5
11. e5 Ne4 12. Bxe4 dxe4 13. Nxe4 Be6 14. Qd3 Qd7 15. O-O-O O-O-O 16. Nc3 Bxh4 17. gxh4 Bf5 18. Qc4 h5 19. d5 Nxe5 20. Qd4 Rhe8
21. Qxa7 Qe7 22. Qa8+ Kd7 23. Qa4+ Kc8 24. d6 Rxd6 25. Rxd6 cxd6 26. Nd5 Qe6 27. Qa8+ Kd7 28. Qxb7+
1-0

[Event "Kings Gambit for Masternorm (1800+)"]
[Site "SchemingMind.com"]
[Date "2019.07.06"]
[Round "-"]
[White "flyinduck"]
[Black "Matthew Bailey"]
[Result "0-1"]
[WhiteCountry "CAN"]
[BlackCountry "ENG"]
[WhiteElo "2075"]
[WhiteRD "61"]
[BlackElo "2188"]
[BlackRD "75"]
[GameID "443059"]

1. e4 e5 2. f4 exf4 3. Nf3 g5 4. Nc3 g4 5. Ne5 h5 6. Bc4 Qh4+ 7. Kf1 Rh7 8. d4 f3 9. gxf3 d6 10. Nd5 Kd8
11. Bf4 dxe5 12. dxe5 gxf3 13. Nf6+ Bd6 14. Qxf3 Bh3+ 15. Ke2 Nxf6 16. Kd2 Bg2
0-1

[Event "Kings Gambit for Masternorm (1800+)"]
[Site "SchemingMind.com"]
[Date "2019.07.06"]
[Round "-"]
[White "Matthew Bailey"]
[Black "flyinduck"]
[Result "1-0"]
[WhiteCountry "ENG"]
[BlackCountry "CAN"]
[WhiteElo "2188"]
[WhiteRD "75"]
[BlackElo "2075"]
[BlackRD "61"]
[GameID "443060"]

1. e4 e5 2. f4 exf4 3. Nf3 d6 4. Qe2 Nc6 5. b3 Bg4 6. Bb2 Qd7 7. Nc3 Nd4 8. Qd3 Nxf3+ 9. gxf3 Be6 10. Ne2 Ne7
11. Nxf4 O-O-O 12. Qe3 Kb8 13. d4 d5 14. O-O-O g6 15. Nd3 h5 16. Kb1 Bh6 17. Qe1 Qc8 18. Nc5 Bh3 19. Bxh3 Qxh3 20. Qb4 b6
21. Na6+ Kb7 22. Qxe7 Kxa6 23. Qxf7 Rd7 24. Qxg6 Qxf3 25. Qc6 Rhh7 26. b4 Rd6 27. b5+ Ka5 28. Qb7 Kxb5 29. a4+ Kxa4 30. Qa6+ Kb4
31. c3+
1-0

[Event "Kings Gambit for Masternorm (1800+)"]
[Site "SchemingMind.com"]
[Date "2019.07.02"]
[Round "-"]
[White "Robert Hatfield"]
[Black "Matthew Bailey"]
[Result "0-1"]
[WhiteCountry "USA"]
[BlackCountry "ENG"]
[WhiteElo "1885"]
[WhiteRD "67"]
[BlackElo "2188"]
[BlackRD "75"]
[GameID "443061"]

1. e4 e5 2. f4 exf4 3. Nf3 g5 4. Nc3 g4 5. Ne5 d5 6. Nxg4 d4 7. Nd5 c6 8. Nxf4 Qh4+ 9. Nf2 Qxf4 10. Bc4 Nf6
11. d3 Qe5 12. O-O Bd6
0-1

[Event "Kings Gambit for Masternorm (1800+)"]
[Site "SchemingMind.com"]
[Date "2019.07.03"]
[Round "-"]
[White "Mihir Chandrashekhar"]
[Black "Matthew Bailey"]
[Result "0-1"]
[WhiteCountry "IND"]
[BlackCountry "ENG"]
[WhiteElo "1934"]
[WhiteRD "50"]
[BlackElo "2188"]
[BlackRD "75"]
[GameID "443065"]

1. e4 e5 2. f4 exf4 3. Nf3 g5 4. h4 g4 5. Ne5 Nf6 6. Bc4 d5 7. exd5 Bd6 8. d4 Nh5 9. O-O O-O 10. Rxf4 Nxf4
11. Bxf4 Qxh4 12. g3 Qh5 13. Nc3 Bf5 14. Be2 Nd7 15. Nxg4 Bxg4 16. Bxg4 Qg6 17. Bh5 Qg7 18. Qd2 Nf6 19. Bf3 Rad8 20. Kf2 Kh8
21. Be5 Bxe5 22. dxe5 Nd7
0-1

[Event "Kings Gambit for Masternorm (1800+)"]
[Site "SchemingMind.com"]
[Date "2019.07.03"]
[Round "-"]
[White "Matthew Bailey"]
[Black "Mihir Chandrashekhar"]
[Result "1-0"]
[WhiteCountry "ENG"]
[BlackCountry "IND"]
[WhiteElo "2188"]
[WhiteRD "75"]
[BlackElo "1934"]
[BlackRD "50"]
[GameID "443066"]

1. e4 e5 2. f4 exf4 3. Nf3 Be7 4. Be2 Nf6 5. d3 d5 6. e5 Ng4 7. Bxf4 f6 8. exf6 Nxf6 9. O-O O-O 10. Nc3 c6
11. d4 Bg4 12. Ng5 Nh5 13. Bc7 Qxc7 14. Rxf8+ Kxf8 15. Nxh7+ Kg8 16. Bxg4 Nf4 17. g3 Kxh7 18. gxf4 Qxf4 19. Bc8 Qg5+ 20. Kh1 Na6
21. Bxb7
1-0

[Event "Kings Gambit for Masternorm (1800+)"]
[Site "SchemingMind.com"]
[Date "2019.07.10"]
[Round "-"]
[White "Olli Ylönen"]
[Black "Diadoco"]
[Result "0-1"]
[WhiteCountry "FIN"]
[BlackCountry "MEX"]
[WhiteElo "1776"]
[WhiteRD "99"]
[BlackElo "2065"]
[BlackRD "94"]
[GameID "443369"]

1. e4 e5 2. f4 exf4 3. Bc4 Nf6 4. Nc3 c6 5. d4 d5 6. exd5 cxd5 7. Bb3 Bd6 8. Nge2 O-O 9. Bxf4 Bxf4 10. Nxf4 Re8+
11. Nfe2 Nc6 12. O-O Bg4 13. Qd2 Qe7 14. Nxd5 Qxe2 15. Nxf6+ gxf6 16. Qxe2 Rxe2 17. Rxf6 Nxd4 18. Bxf7+ Kg7 19. Raf1 Rf8 20. c3 Re7
21. cxd4 Rexf7 22. Rxf7+ Rxf7 23. Re1 Rd7 24. h3 Bf5 25. g4 Bg6 26. Kf2 Kf6
0-1

[Event "Kings Gambit for Masternorm (1800+)"]
[Site "SchemingMind.com"]
[Date "2019.07.09"]
[Round "-"]
[White "Diadoco"]
[Black "Olli Ylönen"]
[Result "1-0"]
[WhiteCountry "MEX"]
[BlackCountry "FIN"]
[WhiteElo "2065"]
[WhiteRD "94"]
[BlackElo "1776"]
[BlackRD "99"]
[GameID "443370"]

1. e4 e5 2. f4 d5 3. exd5 exf4 4. Nf3 Nf6 5. Bc4 Nxd5 6. O-O Be6 7. Bb3 c5 8. d4 cxd4 9. Nxd4 Bc5 10. Kh1 Bxd4
11. Qxd4 O-O 12. Nc3 Nc6 13. Qf2 Nxc3 14. bxc3 g5 15. Ba3 Re8 16. Rad1 Qb6 17. Bc5 Qc7 18. Bd4 b6 19. Qf3 Bxb3 20. cxb3 Rad8
21. Qh5 Qe7 22. h4 Nxd4 23. cxd4 f6 24. hxg5 fxg5 25. Rfe1 Qf7 26. Qxg5+ Kf8 27. Rf1 Rd5 28. Qxf4 Qxf4 29. Rxf4+ Ke7 30. Re1+ Kd7
31. Rxe8 Kxe8 32. g4 Ke7 33. Kg2 h5 34. Kf3 hxg4+ 35. Rxg4 a5 36. Ke4 Rh5 37. Rg6 Rh4+ 38. Kd5 b5 39. Rg7+ Kf6 40. Ra7
1-0

[Event "Kings Gambit for Masternorm (1800+)"]
[Site "SchemingMind.com"]
[Date "2019.07.10"]
[Round "-"]
[White "Olli Ylönen"]
[Black "flyinduck"]
[Result "0-1"]
[WhiteCountry "FIN"]
[BlackCountry "CAN"]
[WhiteElo "1776"]
[WhiteRD "99"]
[BlackElo "2024"]
[BlackRD "70"]
[GameID "443371"]

1. e4 e5 2. f4 exf4 3. Bc4 Nc6 4. Nf3 g5 5. O-O Bg7 6. d4 h6 7. c3 Nge7 8. Nbd2 d5 9. exd5 Nxd5 10. Ne4 O-O
11. h4 f6 12. hxg5 hxg5 13. Nfxg5 fxg5 14. Qh5 Bf5 15. Nxg5 Na5 16. Rxf4 Nxc4 17. Rxf5 Nf6 18. Qg6 Qe8 19. Qxe8 Raxe8 20. Bf4 Ne3
21. Re5 Rxe5 22. dxe5 Nfd5 23. Bxe3 Nxe3 24. Re1 Ng4 25. e6 Re8 26. Kf1 Ne5 27. Ke2 Bf6 28. Kd1 Nd3 29. Re2 Bxg5
0-1

[Event "Kings Gambit for Masternorm (1800+)"]
[Site "SchemingMind.com"]
[Date "2019.07.10"]
[Round "-"]
[White "flyinduck"]
[Black "Olli Ylönen"]
[Result "1-0"]
[WhiteCountry "CAN"]
[BlackCountry "FIN"]
[WhiteElo "2012"]
[WhiteRD "71"]
[BlackElo "1871"]
[BlackRD "78"]
[GameID "443372"]

1. e4 e5 2. f4 d5 3. exd5 exf4 4. Nf3 Nf6 5. c4 c6 6. d4 Bb4+ 7. Nc3 cxd5 8. Bxf4 O-O 9. Be2 dxc4 10. O-O Nc6
11. Bxc4 Bg4 12. d5 Na5 13. Bd3 Bxc3 14. bxc3 Nxd5 15. Bd2 Rc8 16. Rc1 g6 17. Bh6 Re8 18. Qa4 Bd7 19. Qd4 Qb6 20. Kh1 Qxd4
21. cxd4 Nb4 22. Rxc8 Rxc8 23. Bb1 f5 24. a3 Nc2 25. Ba2+ Nc4 26. Ne5 Bb5 27. a4 Ba6 28. Rc1 Nxd4 29. Rxc4 Bxc4 30. Bxc4+ Rxc4
31. Nxc4 b5 32. Be3 bxc4 33. Bxd4 a6 34. Kg1 Kf7 35. Kf2 Ke6 36. Ke3 g5 37. Bc3 h5 38. h4 f4+ 39. Ke4
1-0

[Event "Kings Gambit for Masternorm (1800+)"]
[Site "SchemingMind.com"]
[Date "2019.07.09"]
[Round "-"]
[White "Olli Ylönen"]
[Black "Robert Hatfield"]
[Result "1/2-1/2"]
[WhiteCountry "FIN"]
[BlackCountry "USA"]
[WhiteElo "1871"]
[WhiteRD "78"]
[BlackElo "1920"]
[BlackRD "75"]
[GameID "443373"]

1. e4 e5 2. f4 d5 3. exd5 c6 4. Nc3 exf4 5. Nf3 Bd6 6. d4 Ne7 7. dxc6 Nbxc6 8. Bc4 O-O 9. O-O Bg4 10. Ne4 Rc8
11. c3 Bb8 12. Bd3 Qb6 13. Nf2 Bf5 14. Bxf5 Nxf5 15. Re1 Rfe8 16. Rb1 h6 17. h4 Qd8 18. Nh3 Rxe1+ 19. Qxe1 Ncxd4 20. Nxd4 Nxd4
21. Bxf4 Bxf4 22. Nxf4 Nf5 23. g3 Qb6+ 24. Kh2 Qb5 25. Qe2 Qxe2+ 26. Nxe2 Rd8 27. Kh3 Rd2 28. Nf4 g6 29. a4 h5 30. g4 hxg4+
31. Kxg4 Rh2 32. h5 Rh4+ 33. Kg5 Kg7 34. hxg6 fxg6 35. Nxg6 Rh6 36. Kxf5 Rxg6 37. Ke5 Kf7 38. Kd5 Ke7 39. b4 Kd7 40. a5 Rg5+
41. Kc4 a6 42. Kb3=
1/2-1/2

[Event "Kings Gambit for Masternorm (1800+)"]
[Site "SchemingMind.com"]
[Date "2019.07.09"]
[Round "-"]
[White "Robert Hatfield"]
[Black "Olli Ylönen"]
[Result "0-1"]
[WhiteCountry "USA"]
[BlackCountry "FIN"]
[WhiteElo "1893"]
[WhiteRD "66"]
[BlackElo "1868"]
[BlackRD "118"]
[GameID "443374"]

1. e4 e5 2. f4 d5 3. exd5 exf4 4. Nf3 Nf6 5. c4 c6 6. Nc3 cxd5 7. cxd5 Nxd5 8. Bc4 Nxc3 9. dxc3 Qxd1+ 10. Kxd1 Bd6
11. Re1+ Kf8 12. Re4 Bf5 13. Rd4 Ke7 14. Bxf4 Bxf4 15. Rxf4 Bg6 16. Ne5 f6 17. Nxg6+ hxg6 18. h3 Nc6 19. Kc2 g5 20. Re4+ Kd6
21. Rd1+ Kc7 22. Bd5 Rae8 23. Bxc6 Kxc6 24. Rf1 Rxe4
0-1

[Event "Kings Gambit for Masternorm (1800+)"]
[Site "SchemingMind.com"]
[Date "2019.07.13"]
[Round "-"]
[White "Olli Ylönen"]
[Black "Mihir Chandrashekhar"]
[Result "0-1"]
[WhiteCountry "FIN"]
[BlackCountry "IND"]
[WhiteElo "1871"]
[WhiteRD "78"]
[BlackElo "1862"]
[BlackRD "51"]
[GameID "443377"]

1. e4 e5 2. f4 exf4 3. Bc4 Nf6 4. Nc3 c6 5. d4 d5 6. exd5 cxd5 7. Bb5+ Nc6 8. Bxf4 Be7 9. Nf3 O-O 10. O-O h6
11. Qd2 Ne4 12. Nxe4 dxe4 13. Ne5 Qxd4+ 14. Qf2 Qxf2+ 15. Rxf2 Nxe5 16. Bxe5 Bc5 17. Re1 Bf5 18. Kf1 Bxf2 19. Kxf2 Rac8 20. c3 Rc5
0-1

[Event "Kings Gambit for Masternorm (1800+)"]
[Site "SchemingMind.com"]
[Date "2019.07.11"]
[Round "-"]
[White "Mihir Chandrashekhar"]
[Black "Olli Ylönen"]
[Result "1/2-1/2"]
[WhiteCountry "IND"]
[BlackCountry "FIN"]
[WhiteElo "1994"]
[WhiteRD "58"]
[BlackElo "1776"]
[BlackRD "99"]
[GameID "443378"]

1. e4 e5 2. f4 d5 3. exd5 exf4 4. Nf3 Nf6 5. Bc4 Nxd5 6. O-O Be6 7. Bb3 c5 8. d4 cxd4 9. Nxd4 Bc5 10. Kh1 Bxd4
11. Qxd4 O-O 12. Bxd5 Nc6 13. Qxf4 Qxd5 14. Nc3 Qc4 15. Be3 Qxf4 16. Rxf4=
1/2-1/2

[Event "Kings Gambit for Masternorm (1800+)"]
[Site "SchemingMind.com"]
[Date "2019.07.09"]
[Round "-"]
[White "Olli Ylönen"]
[Black "Matthew Bailey"]
[Result "0-1"]
[WhiteCountry "FIN"]
[BlackCountry "ENG"]
[WhiteElo "1868"]
[WhiteRD "118"]
[BlackElo "2232"]
[BlackRD "65"]
[GameID "443379"]

1. e4 e5 2. f4 exf4 3. Bc4 Qh4+ 4. Kf1 d6 5. Nc3 Be6 6. Qe2 Nd7 7. Nf3 Qf6 8. Nb5 O-O-O 9. Nxa7+ Kb8 10. Nb5 c6
11. Bxe6 fxe6 12. Nc3 g5 13. h3 h5 14. Nh2 d5 15. d3 Bd6 16. a4 Ne7 17. a5 g4 18. hxg4 hxg4 19. Qxg4 Rdg8 20. Qe2 Ne5
21. Kf2 Qh4+ 22. Kf1 Ng4 23. Nxg4 Qxh1+ 24. Kf2 Bc5+
0-1

[Event "Kings Gambit for Masternorm (1800+)"]
[Site "SchemingMind.com"]
[Date "2019.07.09"]
[Round "-"]
[White "Matthew Bailey"]
[Black "Olli Ylönen"]
[Result "1-0"]
[WhiteCountry "ENG"]
[BlackCountry "FIN"]
[WhiteElo "2279"]
[WhiteRD "59"]
[BlackElo "1856"]
[BlackRD "119"]
[GameID "443380"]

1. e4 e5 2. f4 d5 3. exd5 exf4 4. Nf3 Nf6 5. c4 c6 6. d4 Bb4+ 7. Nc3 O-O 8. Be2 cxd5 9. O-O dxc4 10. Bxc4 Nc6
11. Bxf4 Bg4 12. a3 Ba5 13. Kh1 Bxf3 14. Rxf3 Qxd4 15. Qf1 Ne5 16. Bxe5 Qxe5 17. Rf5 Qc7 18. Nb5 Qb6 19. b4 Bxb4 20. axb4 a6
21. Nc3 Qxb4 22. Nd5 Nxd5 23. Bxd5 Qe7 24. Qf3 Rab8 25. Rf1 b5 26. Qg3 b4 27. Rxf7
1-0